Cultural atlas of Islam / (Record no. 12964)
[ view plain ]
| 000 -LEADER | |
|---|---|
| fixed length control field | 00854nam a2200253 a 4500 |
| 001 - CONTROL NUMBER | |
| JCCL Control Number | 12964 |
| 003 - CONTROL NUMBER IDENTIFIER | |
| JCCL marc code | BD-JhCC |
| 005 - DATE AND TIME OF LATEST TRANSACTION | |
| control field | 20230606200116.0 |
| 008 - FIXED-LENGTH DATA ELEMENTS--GENERAL INFORMATION | |
| fixed length control field | 230606s1986 nyuabcj b 001 0 eng |
| 020 ## - INTERNATIONAL STANDARD BOOK NUMBER | |
| International Standard Book Number | 0029101905 |
| 035 ## - SYSTEM CONTROL NUMBER | |
| system control number | (BD-JhCC)12963 |
| 040 ## - CATALOGING SOURCE | |
| Original cataloging agency | DLC |
| Transcribing agency | DLC |
| Modifying agency | DLC |
| -- | BD-JhCC |
| 041 ## - LANGUAGE CODE | |
| Language code of Book | eng |
| 050 00 - LIBRARY OF CONGRESS CALL NUMBER | |
| Classification number | DS36.85 |
| Item number | .A39 1986 |
| 082 00 - DEWEY DECIMAL CLASSIFICATION NUMBER | |
| Classification number | 909/.097671 |
| DDC Edition number | 19 |
| Author mark and Year | ALF 1986 |
| 100 1# - MAIN ENTRY--PERSONAL NAME | |
| Personal name | Al-Faruqi, Ismaʼil R., |
| Dates associated with a name | 1921-1986. |
| 245 10 - TITLE STATEMENT | |
| Title | Cultural atlas of Islam / |
| Statement of responsibility, etc | Ismaʼīl R. al Fārūqī and Lois Lamyāʼ al Fārūqī. |
| 260 ## - PUBLICATION, DISTRIBUTION, ETC. (IMPRINT) | |
| Place of publication, distribution, etc | New York : |
| Name of publisher, distributor, etc | Macmillan ; |
| Place of publication, distribution, etc | London : |
| Name of publisher, distributor, etc | Collier Macmillan, |
| Date of publication, distribution, etc | c1986. |
| 300 ## - PHYSICAL DESCRIPTION | |
| Pagination | xv, 512 p. : |
| Other physical details | ill., geneal. tables, maps (some col.), ports. ; |
| Dimensions | 29 cm. |
| 504 ## - BIBLIOGRAPHY, ETC. NOTE | |
| Bibliography, etc | Includes bibliographies and indexes. |
| 650 #0 - SUBJECT ADDED ENTRY--TOPICAL TERM | |
| Topical term or geographic name as entry element | Islamic civilization. |
| 700 1# - ADDED ENTRY--PERSONAL NAME | |
| Personal name | Al Faruqi, Lois Ibsen, |
| Dates associated with a name | 1926-1986. |
| 942 ## - ADDED ENTRY ELEMENTS (KOHA) | |
| Source of classification or shelving scheme | Dewey Decimal Classification |
| Koha item type | Reference |
| Source of classification or shelving scheme | Damaged status | Not for loan | Home library | Current library | Shelving location | Date of accession | Cost, normal purchase price | Total Checkouts | Full call number | Barcode | Date last seen | Copy number | Method of acquisition | Koha item type | Currency |
|---|---|---|---|---|---|---|---|---|---|---|---|---|---|---|---|
| Dewey Decimal Classification | JCC Rouf Library | JCC Rouf Library | General Stacks | 06/06/2023 | 2500.00 | 909/.097671 ALF 1986 | 17141 | 06/06/2023 | C-1 | Purchase | Reference | BDT |